[Event "Sinquefield Cup 3rd"]
[Site "Saint Louis"]
[Date "2015.08.31"]
[Round "8"]
[White "Giri, Anish"]
[Black "Caruana, Fabiano"]
[Result "1/2-1/2"]
[WhiteElo "2793"]
[BlackElo "2808"]
[PlyCount "137"]
[EventDate "2015.08.23"]
[EventType "tourn"]
[EventRounds "9"]
[EventCountry "USA"]
[EventCategory "22"]
[SourceTitle "CBM 168"]
[Source "ChessBase"]
[SourceDate "2015.09.14"]
[SourceVersion "1"]
[SourceVersionDate "2015.09.14"]
[SourceQuality "1"]

1. d4 Nf6 2. c4 g6 3. Nc3 d5 4. cxd5 Nxd5 5. e4 Nxc3 6. bxc3 Bg7 7. Be3 c5 8.
Rc1 O-O 9. Qd2 e5 $5 {An unusual approach to a known position. This double
break} 10. Nf3 cxd4 11. cxd4 exd4 12. Nxd4 Bd7 13. Bc4 Nc6 {Black is close to
equality, but Whtie will retain a small pressure as he can still avoid the
trade of pieces and can install a bishop on d5 at some point.} 14. Nf3 Bg4 15.
Qxd8 Raxd8 16. O-O Rfe8 17. Rb1 (17. Ng5 {was what Kasparov thought was going
to happen.} Ne5 $6 (17... Re7 $1 18. h3 Bc8 19. Bc5 Rc7 $14) 18. Bb3 $1 (18.
Bd5 h6 19. f4 Rxd5 $1 20. exd5 Nd3 $19) 18... h6 19. f4 hxg5 20. fxe5 Be6 21.
Bxg5 Rd4 22. Bxe6 fxe6 23. Bf6 $16) 17... Na5 18. Bd5 Be6 19. Bxe6 Rxe6 20.
Bxa7 Ra8 21. Bd4 Bxd4 22. Nxd4 Rxe4 {This position is very close to equal, but
somehow White finds his a-pawn hard to defend.} 23. Nf3 (23. Nb5 $11) 23... Re2
24. a4 Re4 25. Rfc1 Rxa4 26. h3 {Black is up a pawn now, after not putting in
much effort. The game is close to a draw because b7 is so weak and the
kingside is easy to attack for White, but it still involves plenty of
suffering.} Re8 27. Rc7 h6 28. Rb5 Re2 29. Ne5 Ra1+ 30. Kh2 Rxf2 31. Ng4 Rff1
32. Nxh6+ Kg7 33. Ng4 Rh1+ 34. Kg3 Rhb1 35. Rd5 Rd1 36. Rb5 Rd6 37. Ne5 Rf6 {
Black is hard pressed to find something to do.} 38. Rc3 $6 (38. Ng4 {just not
releasing the pressure from the seventh rank, should be fine for White.}) 38...
Rf5 39. Rcc5 {This clearly seems artificial.} b6 $6 (39... Ra3+ $1 {keeps the
pressure up} 40. Kh2 Rb3 $1 41. Rxa5 b6 42. Rcb5 bxa5 43. Rxb3 Rxe5 {is
probably a draw, but with more chances than the game.}) 40. Rxb6 $1 {Caruana
must have thought this wasn't possible..} Rg5+ 41. Kf2 Ra2+ 42. Kf1 (42. Kf3 $1
Rgxg2 43. Rbb5 $1 $11) 42... Rgxg2 43. Rxa5 Rxa5 44. Kxg2 Rxe5 45. h4 {This
position is a draw, but Black has some chance of pushing.} Re6 46. Rb7 Kf6 47.
Ra7 Re3 48. Ra5 Re5 49. Ra7 Re4 50. Kg3 Ke6 51. Ra5 f6 52. Ra6+ Kf5 53. Ra5+
Re5 54. Ra3 Rd5 55. Rf3+ Ke6 56. Re3+ Re5 57. Ra3 Re4 58. Ra6+ Kf5 59. Ra5+ Re5
60. Ra3 Rd5 61. Rf3+ Ke6 62. Re3+ Kf7 {Black can't make any progress.} 63. Ra3
Rd4 64. Ra6 Ke7 65. Ra3 Ke6 66. Re3+ Kf5 67. Rf3+ Ke5 68. Re3+ Re4 69. Ra3
1/2-1/2

[Event "Sinquefield Cup 3rd"]
[Site "Saint Louis"]
[Date "2015.09.01"]
[Round "9"]
[White "Caruana, Fabiano"]
[Black "So, Wesley"]
[Result "1/2-1/2"]
[WhiteElo "2808"]
[BlackElo "2779"]
[PlyCount "99"]
[EventDate "2015.08.23"]
[EventType "tourn"]
[EventRounds "9"]
[EventCountry "USA"]
[EventCategory "22"]
[SourceTitle "CBM 168"]
[Source "ChessBase"]
[SourceDate "2015.09.14"]
[SourceVersion "1"]
[SourceVersionDate "2015.09.14"]
[SourceQuality "1"]

1. Nf3 Nf6 2. c4 b6 3. g3 c5 4. Bg2 Bb7 5. O-O g6 6. d4 cxd4 7. Qxd4 Bg7 8. Nc3
d6 9. Be3 Nbd7 10. Rac1 Rc8 11. b3 a6 12. Rfd1 O-O 13. Qh4 Re8 {This position
is without a doubt Karjakin's specialty. He has proven that it is very solid
and difficult for White to do anything.} (13... Rc7 {is another possibility.})
14. Bh3 Rc7 (14... Ba8 {is what Karjakin has been playing lately, aiming for a
quick b5.}) 15. g4 Qa8 {These players also took a long, long time to get to
this position, despite being played in several high profile games. Topalov
mentioned that he thought this idea of Qa8 was "basically losing".} 16. Bd4 h6
17. g5 hxg5 18. Nxg5 e6 19. Be3 {Clearly something is wrong for Black. For
starters, d6 is very hard to defend, and h7 being weak is annoying.} Qb8 20.
Bf4 Bf8 (20... e5 {offered more resistance if Caruana found the right way, but
it looks positionally disastrous.}) 21. Rxd6 $2 (21. Bxd6 $1 {was already
almost decisive. For example:} Bxd6 22. Rxd6 {White's up a pawn, but the
tactics don't work for Black} Rxc4 23. bxc4 Qxd6 24. Qh8+ $1 {The point.} Kxh8
25. Nxf7+ Kg7 26. Nxd6 $18) 21... e5 {Now the game is rather complicated} 22.
Rxd7 exf4 23. Rcd1 Bg7 $6 24. R7d3 (24. R7d6 $1 $16) 24... Rce7 25. Bg2 Bxg2
26. Kxg2 Nh5 27. Nd5 {Rx} Rxe2 28. Qg4 Qd6 {The position nis completely
unclear. Black has some activity, but his knight on h5 isn't great and White
has a powerful one on d5.} 29. Qf3 Qc5 30. R3d2 R2e5 31. h4 b5 32. Rc2 b4 {
I don't know what So gained from closing down the queenside like this.} 33.
Rcd2 a5 34. Qg4 Bh6 35. Kf1 Rf5 {N} 36. Nf3 Bg7 {By this point the players
were in serious time pressure.} 37. Qg2 a4 38. Rd3 Qa5 39. Ng5 axb3 40. axb3
Bf8 {The last move of time pressure, but it lands Black in a little bit of
trouble} 41. Qf3 Bc5 42. Ne4 Kg7 43. Nxc5 Qxc5 44. Rd4 Kh6 45. Qd3 Kh7 46. Qf3
Re6 47. Kg1 {The computers prefer White, but neither side saw a good way of
improving their position.} Qa5 48. Kg2 Kh6 49. R1d3 Qd8 50. Qg4 1/2-1/2

[Event "FIDE World Cup"]
[Site "Baku"]
[Date "2015.09.17"]
[Round "3.1"]
[White "Caruana, Fabiano"]
[Black "Kovalyov, Anton"]
[Result "1-0"]
[WhiteElo "2808"]
[BlackElo "2616"]
[Annotator "Ftacnik,L"]
[PlyCount "121"]
[EventDate "2015.09.11"]
[EventType "k.o."]
[EventRounds "7"]
[EventCountry "AZE"]
[SourceTitle "CBM 169"]
[Source "ChessBase"]
[SourceDate "2015.11.10"]
[SourceVersion "1"]
[SourceVersionDate "2015.11.10"]
[SourceQuality "1"]

1. e4 c5 2. Nf3 d6 3. d4 cxd4 4. Nxd4 Nf6 5. Nc3 a6 6. Be3 Ng4 7. Bc1 Nf6 8. f3
e5 9. Nb3 Be6 10. Be3 h5 11. Qd2 Nbd7 12. Nd5 {White players find it difficult
to achieve an advantage against the clever 10.Be3 h5 line. The main
theoretical discussion has shifted towards the variation with the move of the
white knight to d5.} Bxd5 13. exd5 Qc7 14. c4 a5 15. a4 {Very solid but
somewhat alibistic line serving the purpose of totally stabilising the defence
of the queenside against Black's counterplay. If White wants to test the
opponent's skills in this type of position he will probably have to resort to
the more flexible move 15.Rc1.} (15. Rc1 a4 (15... b6 16. Be2 g6 17. O-O Bg7
18. Na1 O-O 19. Nc2 Nc5 20. Na3 h4 (20... Nh7 21. Nb5 Qe7 22. Bd1 f5 23. Bc2
$16 {1-0 (53) Zakhartsov,V (2529)-Kovchan,A (2488) Kharkov 2005}) 21. Nb5 Qe7
22. b3 Nh5 23. Bd1 f5 24. a3 $14 {1/2 (52) Goloshchapov,A (2556)-Anisimov,P 
(2500) Sochi 2006}) 16. Na1 e4 (16... g6 17. Be2 Bg7 (17... Ng8 18. O-O Bh6 19.
f4 Ne7 20. fxe5 Bxe3+ 21. Qxe3 Nxe5 22. Nc2 Nf5 23. Qf2 Qc5 $11 {0-1 (49)
Aguera Naredo,J (2417)-Van Kampen,R (2581) Basel 2013}) (17... Qa5 18. Qxa5
Rxa5 19. Nc2 Bh6 20. Bxh6 Rxh6 21. Na3 Nc5 22. Kd2 $11 {0-1 (52) Kuipers,S 
(2381)-Van Kampen,R (2529) Netherlands 2011}) 18. Nc2 Nc5 19. Na3 (19. O-O O-O
20. Na3 Rac8 21. Nb5 Qe7 22. Rfe1 $14 {1-0 (46) Varadi,V (2388)-Ardelean,G 
(2503) Hungary 2012}) 19... b6 20. O-O O-O 21. Nb5 Qe7 22. Rb1 Nfd7 23. b4 axb3
24. axb3 $14 {1-0 (38) Saric,I (2622)-Ardelean,G (2510) Legnica 2013}) 17. Nc2
exf3 18. gxf3 Ne5 19. Nd4 Be7 20. Be2 O-O 21. O-O Rfe8 22. Kh1 Bf8 23. Rg1 $14
{1/2 (52) Mekhitarian,K (2543)-Kovchan,A (2579) Wijk aan Zee 2013}) 15... b6
16. Be2 (16. Qf2 g6 17. Be2 Bg7 18. O-O O-O 19. h3 Nc5 20. Ra3 Nfd7 21. g4 hxg4
22. hxg4 f5 23. gxf5 gxf5 $11 {0-1 (42) Apicella,M (2501)-Areshchenko,A (2566)
Cappelle-la-Grande 2003}) 16... g6 17. O-O Bg7 18. Rae1 O-O 19. h3 {Caruana
does not object to the safe concentration of his forces in the centre and the
kingside, as the other flank was closed against counterplay.} Rfe8 (19... Nc5
20. Nxc5 bxc5 21. Bd1 Nd7 22. b3 f5 23. Bc2 Nf6 24. Qd1 Nh7 25. g4 $14 {
0-1 (43) Nolte,R (2420)-Gopal,G (2604) Olongapo City 2010}) 20. g4 Rab8 21. g5
{White is openly admitting that his strategy has limits and it is not easy to
improve the position further.} Nh7 22. Qc2 Nc5 23. Nxc5 (23. Nd2 Qd7 24. Kg2
Nxa4 25. Ne4 Nc5 $11) 23... dxc5 $2 {[%mdl 32] The Argentinian player of
Russian origin lives in Canada and belongs to the most promising young GMs on
the American continent. Unfortunately for him his judgement in this critical
position has simply failed him. Recapturing with the d-pawn is strategically
inferior and Black will be devoid of any counterplay. After the correct 23...
bxc5! the game would most likely have ended with a draw.} (23... bxc5 $1 24. b3
e4 25. h4 (25. fxe4 Qe7 26. Bd3 Be5 $15) 25... exf3 26. Bxf3 Nf8 $11) 24. Kg2
Qd8 (24... h4 $2 25. Qe4 $18) 25. h4 Rb7 26. Bd3 Nf8 27. Bf2 Rbe7 28. Bg3 Qd6
29. Re4 {Caruana will concentrate all his pieces, aiming at Black's weakness
on e5. Unfortunately the defender can only wait and exercise his patience.} Nd7
30. Rfe1 Kf8 31. Qb3 {The Italian/American superstar understands very well
that it is not that easy to break Black's stronghold in the position. White's
queen will be threatening to sneak in via the b5-c6 axis, which is very
dangerous.} (31. R1e2 Kg8 32. Qb1 Nb8 (32... f5 33. gxf6 Nxf6 34. R4e3 Bh6 35.
Bxg6 Bxe3 36. Bxe8 $16) 33. Qe1 Nd7 34. R4e3 Kf8 $16) 31... Bh8 (31... f5 $5
32. gxf6 Qxf6 (32... Nxf6 33. R4e2 Kf7 34. Qc2 Nh7 35. f4 $18) 33. Qb5 $16) 32.
Qb5 $1 Bg7 (32... f5 33. gxf6 Nxf6 34. R4e2 Kf7 35. Rg1 $16) 33. R4e3 Bh8 34.
R1e2 Bg7 35. Be4 Rc8 {Kovalyov relents and prepares to reshuffle his forces
for the protection of the c6-square.} (35... Kg8 36. Qc6 $1 Qxc6 37. dxc6 Nb8
38. Rb3 $16) 36. Bc2 Ree8 37. Qb3 Red8 38. Re4 Re8 39. R4e3 Red8 40. Qc3 $1 {
Defence belongs to the most difficult skills for any chessplayer, as it is too
easy to get it not quite right. Black is suddenly unable to pile up his rooks
on the e-file and will perish.} Kg8 (40... Re8 41. Qe1 Qb8 42. f4 $1 exf4 43.
Bxf4 Rxe3 44. Bxb8 Rxe2+ 45. Qxe2 $18) 41. Qe1 Rf8 42. Re4 f5 {Kovalyov bows
to the necessity to do something against the impending idea f3-f4 with an
immediate decision.} (42... Rfe8 43. f4 Qe7 44. fxe5 $18) (42... Rfd8 43. f4
exf4 44. Bxf4 Qf8 45. Re7 Bxb2 46. R2e6 fxe6 47. Qxe6+ Kh8 48. Rh7+ $18) 43.
gxf6 Rxf6 44. Rxe5 $1 (44. Bxe5 Nxe5 45. Rxe5 Rcf8 $16) 44... Nxe5 (44... Nf8
45. Re7 Qd8 46. Qd2 $18) 45. Bxe5 Qf8 46. Bxf6 Qxf6 {The queen is hoping to
get some activity and complicate the progress of the white pieces.} (46... Bxf6
47. Bxg6 Qh6 (47... Qg7 48. Kh3 $18) 48. Be8 $18) 47. Qg3 Rf8 48. Bxg6 Qd4 49.
b3 Qd1 50. Re7 Kh8 51. Bd3 $1 {In a completely winning position Caruana enjoys
the task of finding the most precise continuations.} Qd2+ (51... Rg8 52. Qg6
$18) 52. Kh3 Qb2 (52... Qh6 53. d6 Qf6 54. Be4 $18) 53. Be4 Qa1 54. Qg2 {
White has managed to crush all the dreams of counterplay and is ready to
advance his passed pawn on the d-file.} Rf4 (54... Rd8 55. d6 Qf6 56. Qg5 Qxg5
57. hxg5 Bf8 58. Rb7 Bg7 (58... Rxd6 59. g6 $18) 59. g6 $18) 55. Qg5 Rxe4 (
55... Qf6 56. Re8+ Bf8 57. Qxh5+ $18) 56. Qxh5+ Kg8 57. Rxe4 Qf1+ {Kovalyov
feels obliged to give some checks and hope for the utterly impossble miracle.}
58. Kg4 Qg2+ 59. Kf5 Qc2 60. Kg6 Qg2+ 61. Qg4 {The game is very instructive
for the typical plans in this line. Black lost due to his unfortunate
recapture on the c5-square with the d-pawn.} 1-0

[Event "Saint Louis Showdown Basque 1"]
[Site "Saint Louis"]
[Date "2015.11.12"]
[Round "1.1"]
[White "Caruana, Fabiano"]
[Black "Nakamura, Hikaru"]
[Result "1/2-1/2"]
[WhiteElo "2787"]
[BlackElo "2793"]
[Annotator "Ramirez Alvarez,A"]
[PlyCount "88"]
[EventDate "2015.11.12"]
[EventType "match"]
[EventRounds "1"]
[EventCountry "USA"]
[SourceTitle "CBM 169 Extra"]
[Source "ChessBase"]
[SourceDate "2015.12.18"]
[SourceVersion "1"]
[SourceVersionDate "2015.12.18"]
[SourceQuality "1"]

1. e4 c5 2. Nf3 Nc6 3. Bb5 Nf6 4. Bxc6 dxc6 5. d3 g6 6. h3 Bg7 7. Nc3 Nd7 8.
Be3 b6 (8... e5 {immediately is definitely more common. Black sometimes
doesn't play b6 at all, but Hikaru has his own idea.}) 9. Qd2 h6 10. O-O e5 11.
Nh2 {Black has trouble here if he plays his usual Nf8-e6 plan. White would be
too fast with f4, and overall Black's position would be uncomfortable. Hikaru
stops this on its tracks, even though it looks strategically unsound.} g5 12.
Ne2 Nf8 13. Ng3 {targetting the weak light squares, of course.} Ng6 14. a3 {
With the kingside locked up, Fabiano naturally focuses his attention on a
queenside break.} O-O 15. b4 cxb4 16. axb4 Nh4 $5 {Perhaps the objective of
this idea with Nh4 and f5 is dubious, but it is the type of complications that
Hikaru always manages to inject into positions that he feels are turning
slightly worse.} (16... Nf4 17. Ra3 $14) 17. f3 (17. Nh5 $1 f5 18. Qc3 $1 {
would have put Hikaru's idea into question.}) 17... f5 18. exf5 Nxf5 19. Nxf5
Bxf5 20. Ra6 Qe7 21. Ng4 {Trying to get to e4, cementing a strong positional
advantage for White clamping down on the center and kingside.} e4 $5 {What a
move! Beautiful positional understanding from America's #1. The pawn sacrifice
allows Black's bishops to breathe and discoordinates White's pieces.} 22. dxe4
(22. fxe4 Bxg4 23. Rxf8+ Rxf8 24. hxg4 Qd7 (24... Rf7 {gives Black some
compensation for the pawn.}) 25. d4 $1 Qxg4 26. e5 $1 {with an advantage.})
22... Rfd8 23. Qe1 (23. Qe2 {was perhaps a little better.}) 23... Be6 24. Ra3
Bc4 25. Rf2 h5 26. Nh2 {White has been pushed back significantly.} Bb2 (26...
a5 $1 {This would have been a very nice tactical blow} 27. Bxb6 {what else?}
Qxb4 28. Qxb4 {forced} axb4 29. Rxa8 Rxa8 {and Black's monstrous bishops give
him enough activity for an advantage, even with the pawn deficit.}) 27. Ra4 Qe5
28. Nf1 $1 {White's rook is trapped but he understands the need to activate
his pieces} Qb5 29. Ra1 $1 Bxa1 30. Qxa1 Bxf1 31. Rxf1 Rd6 {Now it is White's
activity that more than compensates for the material disadvantage. Black is
too exposed on the kingside.} 32. Qa2+ Kg7 33. Qb2+ (33. f4 $1 {was much
stronger, ripping apart the kingside and making Hikaru's king very nervous.}
Qe2 34. Qa1+ Kh7 35. Re1 $1 $16) 33... Kh7 34. Ra1 a6 35. Rc1 {with a not very
subtle threat of c4.} (35. c4 Qxc4 36. Bxb6 $14 {still kept some edge.}) 35...
Qe2 $1 36. Qb3 Rg8 37. Qf7+ {Now a perpetual finishes the game.} Rg7 38. Qf5+
Kg8 39. Qc8+ Kh7 40. Qf5+ Kg8 41. Bxg5 Rd2 42. Qe6+ Kh7 43. Qh6+ Kg8 44. Qe6+
Kh7 1/2-1/2

[Event "Saint Louis Showdown Rapid 1"]
[Site "Saint Louis"]
[Date "2015.11.14"]
[Round "1"]
[White "Nakamura, Hikaru"]
[Black "Caruana, Fabiano"]
[Result "1/2-1/2"]
[WhiteElo "2793"]
[BlackElo "2787"]
[Annotator "Ramirez Alvarez,A"]
[PlyCount "190"]
[EventDate "2015.11.14"]
[EventType "match (rapid)"]
[EventRounds "4"]
[EventCountry "USA"]
[SourceTitle "CBM 169 Extra"]
[Source "ChessBase"]
[SourceDate "2015.12.18"]
[SourceVersion "1"]
[SourceVersionDate "2015.12.18"]
[SourceQuality "1"]

1. b3 g6 2. Bb2 Nf6 3. e4 d6 4. g3 Bg7 5. Bg2 {Someone tell Hikaru they aren't
playing Fischer Random anymore!} O-O 6. d4 c5 7. dxc5 Qa5+ 8. Qd2 Qxc5 9. c4 {
A Maroczy structure is rather normal. This one doesn't look too dangerous with
a Fianchetto already committed on b2.} Nc6 10. Nc3 Qd4 $5 {Trading queens
diffuses the advantage of space, but Black seems underdeveloped after this.}
11. Qxd4 Nxd4 12. O-O-O Ne6 13. h3 Nc5 14. Nge2 a5 $6 {Perhaps giving up b5
was not a good idea. Sometimes it is not an important square, but here it the
counterplay on the a-file is simply non existent.} 15. Ba3 Na6 16. e5 $1 {
Opening up the position for White's pieces.} dxe5 17. Bxe7 Re8 18. Bxf6 $1 Bxf6
19. Ne4 Be7 20. Nd6 {White wins back his bishop and the rook has a fantastic
spot} Bxd6 21. Rxd6 a4 22. Nc3 axb3 23. axb3 Kg7 24. Kb2 Nc5 25. Rd5 $1 Na6 26.
Rhd1 Nb4 27. Rd6 Ra6 28. Rxa6 bxa6 29. Ne4 Re7 30. Nd6 Be6 31. c5 Kf8 32. Bf1
$2 {This howler costs Nakamura most of his advantage.} (32. Ka3 $1 Nc2+ 33. Ka4
$1 Nd4 34. Rb1 {and White's king threatens decisive action in this position.
Black has serious difficulties stopping the queenside pawns.}) 32... Rc7 33.
Rc1 a5 34. Ka3 Ke7 35. f4 exf4 36. gxf4 Nc6 37. Nb5 Rd7 38. Nd6 Rc7 39. Nc4 Nd4
40. Nd2 $6 Bd7 {Black now wins the c-pawn! Luckily for Hikaru the 4v3 on the
kingside is very hard to win.} 41. Ne4 Ne6 42. Re1 Nxf4 43. h4 Ne6 44. Bc4 h6
45. b4 axb4+ 46. Kxb4 Ra7 47. h5 gxh5 48. Ng3 h4 49. Nf5+ Kf6 (49... Kf8 $1 {
was very inhuman but has a very subtle point.} 50. Nxh4 Ra4+ 51. Kc3 Nxc5 {
cannot be met with Rf1+ now.}) 50. Nxh4 Ra4+ 51. Kc3 Nxc5 52. Rf1+ Ke5 53. Nf3+
Kd6 54. Bxf7 Rf4 55. Rd1+ Ke7 56. Bd5 Be6 57. Ne5 Kf6 58. Bxe6 Nxe6 59. Nd3 Rf3
60. Rh1 Kg5 61. Kd2 h5 62. Rg1+ Kh6 63. Ne5 Rf6 64. Ng4+ hxg4 {This endgame is
almost impossible to win. Hikaru holds comfortably.} 65. Rxg4 Ng5 66. Ke3 Kg6
67. Ra4 Rb6 68. Ra5 Kf6 69. Ra3 Rb5 70. Kd4 Ne6+ 71. Ke4 Rb4+ 72. Ke3 Nc7 73.
Ra5 Ke6 74. Kd3 Nd5 75. Ra8 Nc7 76. Ra5 Rh4 77. Rc5 Kd6 78. Ra5 Ne6 79. Ra8 Kd5
80. Ra5+ Nc5+ 81. Ke3 Rc4 82. Ra8 Rc3+ 83. Kf4 Ne6+ 84. Kg4 Ke4 85. Ra4+ Nd4
86. Ra8 Rc6 87. Re8+ Ne6 88. Re7 Ke5 89. Kf3 Rc3+ 90. Ke2 Ra3 91. Kd2 Kd5 92.
Re8 Nc5 93. Rd8+ Kc4 94. Ke2 Rd3 95. Rxd3 Nxd3 1/2-1/2

[Event "Saint Louis Showdown Rapid 1"]
[Site "Saint Louis"]
[Date "2015.11.14"]
[Round "2"]
[White "Caruana, Fabiano"]
[Black "Nakamura, Hikaru"]
[Result "1-0"]
[WhiteElo "2787"]
[BlackElo "2793"]
[Annotator "Ramirez Alvarez,A"]
[PlyCount "41"]
[EventDate "2015.11.14"]
[EventType "match (rapid)"]
[EventRounds "4"]
[EventCountry "USA"]
[SourceTitle "CBM 169 Extra"]
[Source "ChessBase"]
[SourceDate "2015.12.18"]
[SourceVersion "1"]
[SourceVersionDate "2015.12.18"]
[SourceQuality "1"]

1. e4 c5 2. Nf3 Nc6 3. Bb5 d6 4. Bxc6+ bxc6 5. e5 dxe5 6. Nxe5 f6 {It is hard
to say what Hikaru Nakamura was thinking when he made this move...} 7. Qh5+ g6
8. Nxg6 hxg6 9. Qxh8 {As far as I can see, White is simply up the exchange and
a pawn.} Qd5 10. O-O Kf7 11. Nc3 Qd4 12. d3 Bg7 13. Qh7 f5 14. Ne2 {Black
simply has no compensation. Even worse, his position is actually rather bad.}
Qd6 15. Nf4 Bd7 16. Nh3 {Nice maneuvering of the knight, harassing Black's
king.} Be8 17. Ng5+ Kf8 18. Re1 e5 19. Bf4 $1 {Beautiful finishing touch.} Bf6
(19... exf4 20. Ne6+ $18) (19... Rb8 20. Qxg7+ $1 $18) 20. Qb7 Bxg5 21. Bxe5 {
Destruction!} 1-0